| 000 | 00992cam a22003137a 4500 | ||
|---|---|---|---|
| 003 | CHAP | ||
| 005 | 20220817040841.0 | ||
| 008 | 971013s1989 it r 00010 eng d | ||
| 010 | _a1451 | ||
| 011 | _a2423 | ||
| 035 | _a1617 | ||
| 040 | _cCHAP | ||
| 082 |
_a639.2 _bF3y v.309 |
||
| 110 | _aFAO | ||
| 245 | 1 | 0 | _aYield and nutritional value of the commercially more importan fish species |
| 260 |
_aRome : _bFAO, _c1989 |
||
| 300 |
_a187 p. _b: Tablas |
||
| 490 | 0 |
_aDocumento técnico de pesca _v; 309 |
|
| 590 |
_aBATCH-UPD _b10 _c20130110 _lUCH01 _h1154 |
||
| 590 |
_aBATCH-UPD _b10 _c20130410 _lUCH01 _h0737 |
||
| 590 |
_aBATCH-UPD _b10 _c20130914 _lUCH01 _h1212 |
||
| 590 |
_aCONVERSION _b10 _c20130109 _lUCH01 _h1302 |
||
| 650 | 1 | 4 |
_aPescado _xMercadeo. _987450 |
| 650 | 1 | 4 |
_aPescado _xValor nutritivo. _987462 |
| 830 | 0 | 0 |
_aDocumento técnico de pesca _v; 309 _933242 |
| 901 | _aBK | ||
| 942 | _cLIBRO | ||
| 949 |
_a639.2 F3y v.309 _bBC _cFAO _d33724002208678 _eFAO1 _gDonaciØn _h78630 _i1617 _si |
||
| 999 |
_c1451 _d1451 |
||